[Event "A-Klasse 2015 (A68)"]
[Site "Berlin-Weißensee"]
[Date "2015.05.17"]
[Round "7.3"]
[White "Costello, Colin"]
[Black "Kunz, Andre"]
[Result "1/2-1/2"]
[WhiteElo "1958"]
[BlackElo "2030"]
[PlyCount "33"]
[EventDate "2015.??.??"]

1. c4 e5 2. g3 Nf6 3. Bg2 d5 4. cxd5 Nxd5 5. Nc3 Nb6 6. Nf3 Nc6 7. O-O Be7 8.
a3 O-O 9. b4 Be6 10. b5 Nd4 11. Rb1 f6 12. a4 a5 13. bxa6 Rxa6 14. d3 c6 15.
Be3 Rf7 {(=)} 16. Nd2 Nf5 17. Bxb6 1/2-1/2

[Event "A-Klasse 2015 (A68)"]
[Site "Berlin-Weißensee"]
[Date "2015.05.17"]
[Round "7.4"]
[White "Sappok, Marius"]
[Black "Hoppensack, Manfred"]
[Result "1/2-1/2"]
[WhiteElo "2042"]
[BlackElo "1999"]
[PlyCount "117"]
[EventDate "2015.??.??"]

1. d4 e6 2. c4 Nf6 3. Nc3 Bb4 4. Qc2 c5 5. dxc5 Bxc5 6. Bf4 Nh5 7. Bg3 Nxg3 8.
hxg3 h6 9. Nf3 Nc6 10. e3 Qa5 11. a3 Bb4 12. Be2 Bxc3+ 13. bxc3 Qc5 14. g4 Rg8
15. g5 hxg5 16. Qh7 Ne7 17. Nd4 a6 18. Bd3 b5 19. Qe4 d5 20. Qe5 bxc4 21. Bh7
f6 22. Qh2 Rh8 23. Qh5+ Kf8 24. Qg4 e5 25. Ne6+ Bxe6 26. Qxe6 Qc6 27. Qh3 Rb8
28. O-O Qc8 29. Bf5 Rxh3 30. Bxc8 Rh8 31. Bxa6 Rb6 32. Rfb1 Rxb1+ 33. Rxb1 Kf7
34. a4 Ra8 35. Bb5 Ke6 36. Rb4 Kd6 37. e4 Nc6 38. Bxc6 Kxc6 39. exd5+ Kxd5 40.
Kf1 g4 41. g3 f5 42. Ke2 g5 43. Rb5+ Ke4 44. Rb4 Rc8 45. a5 Rc5 46. Ra4 Kd5 47.
a6 Rc8 48. Ra5+ Kd6 49. Ke3 Ra8 {(=)} 50. a7 Ke6 51. Ra6+ Kd5 52. Ra5+ Ke6 53.
Ke2 f4 54. Kd2 Kf5 55. Ke2 Ke6 56. Kd2 Kf5 57. Ra4 Ke6 58. Ra5 Kf6 59. Ke2
1/2-1/2